00478 a2200133 450000500170000002000180001710000230003524500980005825000080015626000190016494200070018399900190019095201350020920251202112130.0 a9783031120251 aHeumann C.9215625 aIntroduction To Statistics And Data Analysis: With Exercises, Solutions And Applications In R a2nd bSpringerc2022 cAR c369238d369238 00102ddc4070aCCEPbCCEPd2025-12-03e147g4667.97l0o006.312 HEUpCCEP-BK-69920r2025-12-03 00:00:00v6223.96w2025-12-03yBK